000 01747nam a2200361 c 4500
999 _c181729
_d181729
003 BLK
005 20221212142224.0
008 180411b bul|||||r ||||||| ||bul||
010 _aKNG00190635000
040 _aBLK
041 _aBUL
_cBUL
080 _aНапояване - повърхностно, подпочвено, дъждуване, норми и срокове за поливане и др.
_b631.67
_x(035)
_z631.67(035)
080 _aНапояване
_b626.81/.84
_x(035)
_z626.81/.84(035)
100 1 _aВучков, Калоян Виденов
_9342691
139 _aВучков, Калоян и др.
_bВ 89
245 1 0 _aЕфективно използване на поливните площи
_bРъководство
_cКалоян Вучков; съавт. Анета Механджиева; съавт. Тодор Захариев.
257 _aBGR
260 _aСофия
_bЗемиздат
_c1982
_fХасково : Ат. Стратиев
300 _a95 с.
_bс табл.
_c20 см
380 _a63
500 _aАвт. не са отбелязани на кор .- Пълното име на третия авт. е Тодор Захариев Върбанов.- Библиогр. с. 92-93
650 4 _aНапояване
_9163243
650 4 _aНапоителни системи и съоръжения
_9299542
653 _aнапояване
653 _aнапоителни системи
700 1 _aМеханджиева, Анета
_eсъавт.
_9342692
700 1 _aЗахариев, Тодор
_eсъавт.
_9364581
852 _aЦб 118381
_bЦб
856 4 _qpdf
856 4 _qpdf
942 _cKNG
_n0
_s1
944 _aCR
_c19.09.2016
_kХристина_Везирева
944 _aED
_c2022-05-16
_kСТ
999 _d181729